Természettan. Tábla és fanulófüzef a fizikatanításban
Elmentve itt :
| Szerző: | |
|---|---|
| Dokumentumtípus: | Cikk |
| Megjelent: |
1935
|
| Sorozat: | A cselekvés iskolája
3 |
| Kulcsszavak: | Neveléstudomány |
| Online Access: | http://acta.bibl.u-szeged.hu/33300 |
| LEADER | 00585nab a2200169 i 4500 | ||
|---|---|---|---|
| 001 | acta33300 | ||
| 005 | 20210722093017.0 | ||
| 008 | 161017s1935 hu o 0|| hun d | ||
| 040 | |a SZTE Egyetemi Kiadványok Repozitórium |b hun | ||
| 041 | |a hun | ||
| 100 | 1 | |a Matzkó Gyula | |
| 245 | 1 | 0 | |a Természettan. Tábla és fanulófüzef a fizikatanításban |h [elektronikus dokumentum] / |c Matzkó Gyula |
| 260 | |c 1935 | ||
| 300 | |a 158-172 | ||
| 490 | 0 | |a A cselekvés iskolája |v 3 | |
| 695 | |a Neveléstudomány | ||
| 856 | 4 | 0 | |u http://acta.bibl.u-szeged.hu/33300/1/cselekves_003_158-172.pdf |z Dokumentum-elérés |